000 00849nam a2200217Ia 4500
008 0000001965 ag a 0000000000spa00
090 _aPSP00 M17p
100 1 _aMartini, Alberto
245 1 0 _aPicasso, II parte
_c/ monografía por Alberto Martini ; traducción por Jesús López Pacheco ; enfoque de actualidad por Julio E. Payró
300 _a[34] p.
_c/ 36 cm.
440 _aPinacoteca de los genios ; 51
500 _aCon el patronazgo del maestro venezolano Jesús Rafael Soto (q.e.p.d.) \
600 0 0 _aPICASSO, PABLO, 18811973/
_xTRABAJOS PICTORICOS
650 1 4 _aARTE CONTEMPORANEO ESPAÑOL
650 1 4 _xCATALOGOS
650 1 4 _xEXPOSICIONES
650 1 4 _aPINTORES ESPAÑOLES
650 1 4 _aPINTURA ESPAÑOLA
700 1 _aLópez Pacheco, Jesús, tr. \ Payró, Julio E.
999 _c5432
_d5432
260 _aBuenos Aires : Codex
_c1965